| 000 | 00897nam a2200313Ia 4500 | ||
|---|---|---|---|
| 001 | Para_10475 | ||
| 003 | CHAP | ||
| 008 | 220125s201? xx 000 0 und d | ||
| 010 | _a209083 | ||
| 020 | _a978 - 84 - 8476 - 638 - 4 | ||
| 040 | _cCHAP | ||
| 082 | _aPA 595.7 J67 | ||
| 100 |
_aJordán Montés, Fernando _9175304 |
||
| 245 |
_aEl Universo de los insectos / _c Fernando Jordán Montés |
||
| 260 |
_aEspaña : _b Mundi - Prensa |
||
| 300 | _a223 p. | ||
| 440 |
_aAgro Guías _9175305 |
||
| 500 | _aIncluye bibliografía e índice | ||
| 650 |
_aEntomología _937113 |
||
| 650 |
_aInsectos _x Anatomía y Fisiología _958891 |
||
| 650 |
_aInsectos _x Hábitos y Conduca _9175306 |
||
| 901 | _aPA 595.7 J67 | ||
| 902 | _aM | ||
| 905 | _a523220201? sp a,n 8000000300spa06 | ||
| 910 | _a201? | ||
| 942 | _cPARA | ||
| 942 |
_cPARA _d1 |
||
| 999 |
_c209083 _d209083 |
||